[Event "V4 OPEN - International Championship of Slovakia 2
[Site "Banska Stiavnica"]
[Date "2013.07.12"]
[Round "7"]
[Board "19"]
[White "Petran, Peter"]
[Black "Bombek, Peter"]
[Result "0-1"]
[WhiteElo "2324"]
[BlackElo "2227"]
[PlyCount "0"]
[EventDate "2013.07.06"]
[EventRounds "9"]
[EventCountry "SVK"]

1. g3 {[%clk 1:29:24]} e5 {[%clk 1:30:52]} 2. c4 {[%clk 1:29:19]} Nf6
{[%clk 1:30:49]} 3. Bg2 {[%clk 1:29:43]} d5 {[%clk 1:30:44]} 4. cxd5
{[%clk 1:30:07]} Nxd5 {[%clk 1:31:12]} 5. Nc3 {[%clk 1:30:27]} Nb6
{[%clk 1:31:20]} 6. d3 {[%clk 1:29:38]} Be7 {[%clk 1:31:24]} 7. a3
{[%clk 1:29:15]} O-O {[%clk 1:30:48]} 8. b4 {[%clk 1:28:38]} c5 {[%clk 1:20:58]}
9. b5 {[%clk 1:18:42]} c4 {[%clk 1:19:45]} 10. Nf3 {[%clk 1:17:48]} cxd3
{[%clk 1:17:13]} 11. exd3 {[%clk 1:17:23]} a6 {[%clk 1:04:28]} 12. Bb2
{[%clk 1:13:22]} Bg4 {[%clk 0:59:18]} 13. h3 {[%clk 1:06:01]} Bxf3
{[%clk 0:55:23]} 14. Qxf3 {[%clk 1:06:10]} axb5 {[%clk 0:55:10]} 15. Qxb7
{[%clk 0:59:55]} N8d7 {[%clk 0:50:22]} 16. O-O {[%clk 0:53:11]} Rb8
{[%clk 0:46:43]} 17. Qf3 {[%clk 0:51:08]} Na4 {[%clk 0:39:49]} 18. Nxa4
{[%clk 0:43:18]} bxa4 {[%clk 0:40:16]} 19. Qe2 {[%clk 0:43:20]} Qb6
{[%clk 0:30:59]} 20. Bxe5 {[%clk 0:37:05]} Nxe5 {[%clk 0:31:15]} 21. Qxe5
{[%clk 0:37:27]} Bf6 {[%clk 0:31:31]} 22. Qe1 {[%clk 0:34:07]} Rfe8
{[%clk 0:29:23]} 23. Be4 {[%clk 0:34:01]} Bxa1 {[%clk 0:28:20]} 24. Qxa1
{[%clk 0:34:17]} Qd6 {[%clk 0:27:08]} 25. Rc1 {[%clk 0:21:15]} Rb3
{[%clk 0:25:16]} 26. Rc4 {[%clk 0:19:52]} Rxa3 {[%clk 0:20:45]} 27. Qd1
{[%clk 0:19:57]} f5 {[%clk 0:13:45]} 28. Bc6 {[%clk 0:13:41]} Rxd3
{[%clk 0:10:40]} 29. Qxa4 {[%clk 0:13:28]} Rxg3+ {[%clk 0:06:07]} 0-1

[Event "V4 OPEN - International Championship of Slovakia 2
[Site "Banska Stiavnica"]
[Date "2013.07.12"]
[Round "7"]
[Board "20"]
[White "Ruckschloss, Karol"]
[Black "Gbyl, Andrzej"]
[Result "0-1"]
[WhiteElo "2283"]
[BlackElo "2174"]
[PlyCount "0"]
[EventDate "2013.07.06"]
[EventRounds "9"]
[EventCountry "SVK"]

1. c4 {[%clk 1:30:59]} Nf6 {[%clk 1:30:28]} 2. d4 {[%clk 1:30:45]} g6
{[%clk 1:30:23]} 3. Nc3 {[%clk 1:30:45]} d6 {[%clk 1:30:28]} 4. e4
{[%clk 1:30:11]} Bg7 {[%clk 1:30:22]} 5. Be2 {[%clk 1:28:18]} O-O
{[%clk 1:30:03]} 6. h4 {[%clk 1:27:56]} c5 {[%clk 1:29:37]} 7. d5
{[%clk 1:27:48]} e6 {[%clk 1:29:22]} 8. h5 {[%clk 1:27:46]} exd5 {[%clk 1:29:20]}
9. exd5 {[%clk 1:28:13]} Qe7 {[%clk 1:28:17]} 10. Kf1 {[%clk 1:28:30]} Nbd7
{[%clk 1:28:01]} 11. g4 {[%clk 1:24:56]} Ne5 {[%clk 1:27:30]} 12. f3
{[%clk 1:25:16]} Nfd7 {[%clk 1:19:08]} 13. hxg6 {[%clk 1:03:53]} fxg6
{[%clk 1:14:27]} 14. Kg2 {[%clk 1:03:43]} Nb6 {[%clk 1:14:03]} 15. Qb3
{[%clk 1:02:41]} Bxg4 {[%clk 0:14:13]} 16. fxg4 {[%clk 1:02:26]} Nbxc4
{[%clk 0:14:20]} 17. Ne4 {[%clk 0:49:30]} b5 {[%clk 0:11:40]} 18. Bg5
{[%clk 0:35:14]} Qf7 {[%clk 0:10:24]} 19. Rd1 {[%clk 0:35:12]} h6
{[%clk 0:10:09]} 20. Bc1 {[%clk 0:24:01]} Rae8 {[%clk 0:08:29]} 21. Qc2
{[%clk 0:23:07]} Qd7 {[%clk 0:07:34]} 22. b3 {[%clk 0:22:37]} Nxg4
{[%clk 0:06:46]} 23. bxc4 {[%clk 0:22:37]} Rxe4 {[%clk 0:07:11]} 24. Bf3
{[%clk 0:17:24]} Rxc4 {[%clk 0:05:40]} 25. Qxg6 {[%clk 0:17:43]} Rf6
{[%clk 0:05:16]} 26. Qh5 {[%clk 0:16:46]} Ne5 {[%clk 0:04:47]} 27. Rh4
{[%clk 0:16:42]} Rc2+ {[%clk 0:03:52]} 28. Kh1 {[%clk 0:16:55]} Rf5
{[%clk 0:04:07]} 29. Be4 {[%clk 0:13:22]} Rxh5 {[%clk 0:04:29]} 30. Rxh5
{[%clk 0:13:50]} Rxc1 {[%clk 0:04:28]} 31. Rxc1 {[%clk 0:12:20]} Qg4
{[%clk 0:04:53]} 32. Rxe5 {[%clk 0:12:05]} Bxe5 {[%clk 0:04:59]} 33. Bf3
{[%clk 0:11:48]} Qh4+ {[%clk 0:05:21]} 34. Kg2 {[%clk 0:12:12]} Qg3+
{[%clk 0:05:46]} 35. Kf1 {[%clk 0:12:36]} Bd4 {[%clk 0:06:09]} 0-1

[Event "V4 OPEN - International Championship of Slovakia 2
[Site "Banska Stiavnica"]
[Date "2013.07.12"]
[Round "7"]
[Board "21"]
[White "Dzikowski, Michal"]
[Black "Vojtek, Vladimir"]
[Result "0-1"]
[WhiteElo "1904"]
[BlackElo "2278"]
[PlyCount "0"]
[EventDate "2013.07.06"]
[EventRounds "9"]
[EventCountry "SVK"]

1. b3 {[%clk 1:30:59]} e5 {[%clk 1:29:04]} 2. Bb2 {[%clk 1:31:22]} Nc6
{[%clk 1:29:20]} 3. e3 {[%clk 1:31:46]} d5 {[%clk 1:29:41]} 4. Bb5
{[%clk 1:32:00]} Bd6 {[%clk 1:30:00]} 5. Nf3 {[%clk 1:32:00]} f6 {[%clk 1:30:18]}
6. c4 {[%clk 1:31:02]} a6 {[%clk 1:30:33]} 7. Ba4 {[%clk 1:25:49]} Nge7
{[%clk 1:23:29]} 8. d4 {[%clk 1:15:02]} e4 {[%clk 1:10:42]} 9. Nfd2
{[%clk 1:15:18]} b5 {[%clk 1:02:04]} 10. cxb5 {[%clk 1:15:31]} Nb4
{[%clk 1:01:59]} 11. O-O {[%clk 1:14:10]} O-O {[%clk 1:00:35]} 12. Ba3
{[%clk 1:12:49]} Qe8 {[%clk 0:53:14]} 13. Bxb4 {[%clk 1:12:15]} Bxb4
{[%clk 0:53:26]} 14. bxa6 {[%clk 1:10:30]} c6 {[%clk 0:51:11]} 15. a3
{[%clk 1:01:02]} Bd6 {[%clk 0:50:39]} 16. f4 {[%clk 1:00:51]} Bxa6
{[%clk 0:44:09]} 17. Re1 {[%clk 1:00:21]} g5 {[%clk 0:42:36]} 18. g3
{[%clk 0:50:33]} Kh8 {[%clk 0:37:20]} 19. Kh1 {[%clk 0:47:06]} gxf4
{[%clk 0:34:58]} 20. gxf4 {[%clk 0:46:58]} Rg8 {[%clk 0:29:09]} 21. Rg1
{[%clk 0:44:18]} Nf5 {[%clk 0:13:17]} 22. Rxg8+ {[%clk 0:23:36]} Qxg8
{[%clk 0:13:32]} 23. Qe1 {[%clk 0:21:22]} Qg4 {[%clk 0:12:12]} 24. Nc3
{[%clk 0:17:13]} Rg8 {[%clk 0:11:59]} 25. Qf2 {[%clk 0:16:42]} Nxe3
{[%clk 0:09:21]} 26. Bxc6 {[%clk 0:06:02]} Qxf4 {[%clk 0:06:26]} 27. Qxf4
{[%clk 0:06:19]} Bxf4 {[%clk 0:06:55]} 28. Nxd5 {[%clk 0:02:13]} Nxd5
{[%clk 0:05:42]} 29. Bxd5 {[%clk 0:00:32]} Bxd2 {[%clk 0:04:58]} 30. Bxg8
{[%clk 0:00:32]} Kxg8 {[%clk 0:05:13]} 31. Kg2 {[%clk 0:00:33]} e3
{[%clk 0:04:07]} 32. a4 {[%clk 0:00:36]} f5 {[%clk 0:04:02]} 33. Kf3
{[%clk 0:00:33]} f4 {[%clk 0:03:18]} 34. d5 {[%clk 0:00:34]} Kf7 {[%clk 0:03:19]}
35. Kxf4 {[%clk 0:00:32]} e2+ {[%clk 0:03:39]} 36. Ke4 {[%clk 0:00:40]} Ke7
{[%clk 0:03:28]} 37. Kf3 {[%clk 0:00:33]} e1=Q {[%clk 0:03:48]} 38. Rxe1+
{[%clk 0:01:00]} Bxe1 {[%clk 0:04:10]} 0-1

[Event "V4 OPEN - International Championship of Slovakia 2
[Site "Banska Stiavnica"]
[Date "2013.07.12"]
[Round "7"]
[Board "22"]
[White "Manik, Mikulas"]
[Black "Petras, Marian"]
[Result "1-0"]
[WhiteElo "2412"]
[BlackElo "1954"]
[PlyCount "0"]
[EventDate "2013.07.06"]
[EventRounds "9"]
[EventCountry "SVK"]

1. e4 {[%clk 1:30:57]} c5 {[%clk 1:30:52]} 2. Nf3 {[%clk 1:31:21]} Nc6
{[%clk 1:31:14]} 3. Bb5 {[%clk 1:31:42]} e6 {[%clk 1:31:13]} 4. O-O
{[%clk 1:31:10]} Nge7 {[%clk 1:30:32]} 5. b3 {[%clk 1:31:00]} a6 {[%clk 1:30:41]}
6. Bxc6 {[%clk 1:31:08]} bxc6 {[%clk 1:31:04]} 7. Ba3 {[%clk 1:21:05]} Ng6
{[%clk 1:27:11]} 8. d4 {[%clk 1:19:39]} Qa5 {[%clk 1:26:30]} 9. e5
{[%clk 1:13:15]} cxd4 {[%clk 1:22:21]} 10. Bxf8 {[%clk 1:11:48]} Rxf8
{[%clk 1:22:41]} 11. Qxd4 {[%clk 1:07:25]} Qd5 {[%clk 1:22:51]} 12. Qe3
{[%clk 1:04:11]} f5 {[%clk 1:15:35]} 13. Nbd2 {[%clk 1:01:40]} f4
{[%clk 1:07:28]} 14. Qc3 {[%clk 0:59:36]} Ke7 {[%clk 1:03:40]} 15. Rad1
{[%clk 0:54:17]} Rb8 {[%clk 1:01:58]} 16. a4 {[%clk 0:50:50]} Rf5
{[%clk 0:57:28]} 17. Rfe1 {[%clk 0:43:39]} c5 {[%clk 0:44:53]} 18. Ne4
{[%clk 0:43:37]} Qc6 {[%clk 0:45:09]} 19. Nxc5 {[%clk 0:43:22]} Bb7
{[%clk 0:43:16]} 20. Rxd7+ {[%clk 0:37:40]} Qxd7 {[%clk 0:43:43]} 21. Nxd7
{[%clk 0:38:00]} Kxd7 {[%clk 0:44:09]} 22. Qd4+ {[%clk 0:35:19]} 1-0

[Event "V4 OPEN - International Championship of Slovakia 2
[Site "Banska Stiavnica"]
[Date "2013.07.12"]
[Round "7"]
[Board "23"]
[White "Toman, Ondrej"]
[Black "Macak, Stefan"]
[Result "0-1"]
[WhiteElo "2061"]
[BlackElo "2374"]
[PlyCount "0"]
[EventDate "2013.07.06"]
[EventRounds "9"]
[EventCountry "SVK"]

1. e4 {[%clk 1:30:58]} d6 {[%clk 1:30:45]} 2. d4 {[%clk 1:31:08]} g6
{[%clk 1:31:08]} 3. c3 {[%clk 1:31:04]} Bg7 {[%clk 1:31:04]} 4. f4
{[%clk 1:29:12]} c6 {[%clk 1:28:05]} 5. Nf3 {[%clk 1:28:04]} d5 {[%clk 1:27:55]}
6. e5 {[%clk 1:27:23]} h5 {[%clk 1:27:48]} 7. Bd3 {[%clk 1:26:13]} Nh6
{[%clk 1:27:18]} 8. Qe2 {[%clk 1:24:57]} Be6 {[%clk 1:21:19]} 9. Ng5
{[%clk 1:18:13]} Bg4 {[%clk 1:16:15]} 10. Qc2 {[%clk 1:16:49]} e6
{[%clk 1:15:25]} 11. Nd2 {[%clk 1:05:57]} Bf5 {[%clk 1:09:28]} 12. Nf1
{[%clk 1:04:55]} Bxd3 {[%clk 1:05:38]} 13. Qxd3 {[%clk 1:05:22]} Nf5
{[%clk 1:01:59]} 14. Ne3 {[%clk 1:04:10]} Nd7 {[%clk 1:00:30]} 15. Nxf5
{[%clk 1:01:53]} gxf5 {[%clk 1:00:44]} 16. Be3 {[%clk 0:52:42]} Bh6
{[%clk 0:59:51]} 17. Nf3 {[%clk 0:48:48]} Rc8 {[%clk 0:59:42]} 18. b4
{[%clk 0:46:53]} Nb6 {[%clk 0:56:46]} 19. O-O {[%clk 0:44:11]} Nc4
{[%clk 0:55:55]} 20. Nd2 {[%clk 0:44:20]} Nxd2 {[%clk 0:54:40]} 21. Qxd2
{[%clk 0:43:39]} Bf8 {[%clk 0:52:20]} 22. Qe2 {[%clk 0:38:36]} Be7
{[%clk 0:51:58]} 23. Rf3 {[%clk 0:35:05]} h4 {[%clk 0:49:41]} 24. Rh3
{[%clk 0:33:55]} Kd7 {[%clk 0:45:54]} 25. Kh1 {[%clk 0:33:55]} Qg8
{[%clk 0:44:22]} 26. Bg1 {[%clk 0:30:58]} Qg4 {[%clk 0:43:42]} 27. Rf3
{[%clk 0:29:39]} h3 {[%clk 0:42:25]} 28. g3 {[%clk 0:30:01]} b6 {[%clk 0:40:33]}
29. Rf2 {[%clk 0:28:04]} Qxe2 {[%clk 0:37:35]} 30. Rxe2 {[%clk 0:28:34]} Rc7
{[%clk 0:36:13]} 31. Rb1 {[%clk 0:27:44]} Rhc8 {[%clk 0:35:31]} 32. Reb2
{[%clk 0:15:26]} c5 {[%clk 0:35:28]} 33. dxc5 {[%clk 0:14:39]} bxc5
{[%clk 0:35:33]} 34. b5 {[%clk 0:14:18]} Rb7 {[%clk 0:34:33]} 35. a4
{[%clk 0:13:33]} c4 {[%clk 0:29:27]} 36. Bf2 {[%clk 0:12:48]} Ba3
{[%clk 0:28:59]} 37. Kg1 {[%clk 0:05:06]} Bxb2 {[%clk 0:28:33]} 38. Rxb2
{[%clk 0:05:35]} a6 {[%clk 0:25:52]} 39. b6 {[%clk 0:04:27]} Kc6 {[%clk 0:14:10]}
40. a5 {[%clk 0:03:33]} d4 {[%clk 0:14:05]} 41. Bxd4 {[%clk 0:02:41]} Rd7
{[%clk 0:14:03]} 42. Kf2 {[%clk 0:00:42]} Kb7 {[%clk 0:10:00]} 43. Kf3
{[%clk 0:29:55]} Rd5 {[%clk 0:35:39]} 44. Ra2 {[%clk 0:30:11]} Rb5
{[%clk 0:34:01]} 45. g4 {[%clk 0:29:27]} fxg4+ {[%clk 0:29:52]} 46. Kxg4
{[%clk 0:29:27]} Rg8+ {[%clk 0:29:39]} 47. Kxh3 {[%clk 0:28:09]} f5
{[%clk 0:28:37]} 48. Bf2 {[%clk 0:16:13]} Rd5 {[%clk 0:28:40]} 49. Bg3
{[%clk 0:15:27]} Rd3 {[%clk 0:25:56]} 50. Rc2 {[%clk 0:15:50]} Kc6
{[%clk 0:24:57]} 51. Kg2 {[%clk 0:12:37]} Rgd8 {[%clk 0:19:54]} 52. Bf2
{[%clk 0:06:30]} Rd2 {[%clk 0:19:47]} 53. Rc1 {[%clk 0:05:58]} Rd1
{[%clk 0:19:41]} 54. Rxd1 {[%clk 0:05:39]} Rxd1 {[%clk 0:20:08]} 55. h4
{[%clk 0:06:01]} Rd5 {[%clk 0:13:00]} 56. b7 {[%clk 0:05:37]} Kxb7
{[%clk 0:13:19]} 57. Bb6 {[%clk 0:06:06]} Rd2+ {[%clk 0:12:25]} 58. Bf2
{[%clk 0:01:55]} Rd7 {[%clk 0:09:58]} 59. Kh3 {[%clk 0:01:46]} Rh7
{[%clk 0:09:27]} 60. Bb6 {[%clk 0:00:45]} Rh8 {[%clk 0:09:18]} 61. Bc5
{[%clk 0:00:48]} Kc6 {[%clk 0:09:26]} 62. Be7 {[%clk 0:01:09]} Kb5
{[%clk 0:09:30]} 63. Bb4 {[%clk 0:01:29]} Kc6 {[%clk 0:09:27]} 64. Be7
{[%clk 0:00:54]} Kd5 {[%clk 0:09:46]} 65. Kg2 {[%clk 0:00:47]} Ke4
{[%clk 0:10:01]} 66. Kg3 {[%clk 0:01:15]} Rh7 {[%clk 0:09:44]} 67. Bb4
{[%clk 0:01:16]} Rg7+ {[%clk 0:09:59]} 68. Kh3 {[%clk 0:01:44]} Kxf4
{[%clk 0:09:48]} 69. h5 {[%clk 0:01:43]} Rg3+ {[%clk 0:09:42]} 70. Kh4
{[%clk 0:02:01]} Rg1 {[%clk 0:09:58]} 0-1

[Event "V4 OPEN - International Championship of Slovakia 2
[Site "Banska Stiavnica"]
[Date "2013.07.12"]
[Round "7"]
[Board "24"]
[White "Haring, Viktor"]
[Black "Farkas, Gabor"]
[Result "1/2-1/2"]
[WhiteElo "2060"]
[BlackElo "2359"]
[PlyCount "0"]
[EventDate "2013.07.06"]
[EventRounds "9"]
[EventCountry "SVK"]

1. e4 {[%clk 1:30:57]} e5 2. Nc3 d6 {[%clk 1:30:43]} 3. f4 {[%clk 1:29:28]} exf4
{[%clk 1:29:51]} 4. Nf3 {[%clk 1:26:59]} Nf6 {[%clk 1:27:02]} 5. d4
{[%clk 1:20:26]} Nh5 {[%clk 1:26:28]} 6. Bc4 {[%clk 1:18:19]} Be7
{[%clk 1:24:53]} 7. O-O {[%clk 1:12:41]} O-O 8. Nd5 Be6 {[%clk 1:23:40]} 9. Qe2
{[%clk 1:09:42]} Bxd5 {[%clk 1:23:44]} 10. Bxd5 {[%clk 1:08:06]} c6
{[%clk 1:20:49]} 11. Bb3 {[%clk 0:58:33]} g6 {[%clk 1:20:09]} 12. Ne1 Bg5 1/2-1/2

[Event "V4 OPEN - International Championship of Slovakia 2
[Site "Banska Stiavnica"]
[Date "2013.07.12"]
[Round "7"]
[Board "25"]
[White "Nayhebaver, Martin"]
[Black "Bakalar, Jan"]
[Result "1-0"]
[WhiteElo "2228"]
[BlackElo "2042"]
[PlyCount "0"]
[EventDate "2013.07.06"]
[EventRounds "9"]
[EventCountry "SVK"]

1. e4 {[%clk 1:30:57]} c5 {[%clk 1:29:32]} 2. Nf3 {[%clk 1:31:17]} e6
{[%clk 1:28:59]} 3. d4 {[%clk 1:31:21]} cxd4 {[%clk 1:29:22]} 4. Nxd4
{[%clk 1:31:47]} a6 {[%clk 1:29:17]} 5. Bd3 {[%clk 1:31:39]} Qc7 {[%clk 1:28:32]}
6. Nc3 {[%clk 1:30:44]} b5 {[%clk 1:25:33]} 7. O-O {[%clk 1:28:46]} Bb7
{[%clk 1:24:43]} 8. a3 {[%clk 1:26:50]} Nf6 {[%clk 1:18:57]} 9. Qe2
{[%clk 1:23:35]} d6 {[%clk 1:18:11]} 10. f4 {[%clk 1:21:25]} Be7 {[%clk 1:16:24]}
11. Kh1 {[%clk 1:20:16]} Nbd7 {[%clk 1:14:13]} 12. Bd2 {[%clk 1:17:12]} Nc5
{[%clk 1:07:56]} 13. Rae1 {[%clk 1:13:45]} Nxd3 {[%clk 1:08:07]} 14. cxd3
{[%clk 1:13:06]} Rd8 {[%clk 0:56:32]} 15. Rf3 {[%clk 0:58:46]} g6
{[%clk 0:55:19]} 16. Rff1 {[%clk 0:57:14]} h5 {[%clk 0:48:49]} 17. Nf3
{[%clk 0:53:03]} h4 {[%clk 0:39:57]} 18. Ng5 {[%clk 0:52:49]} Nh5
{[%clk 0:38:58]} 19. Qg4 {[%clk 0:49:29]} Nf6 {[%clk 0:36:44]} 20. Qh3
{[%clk 0:45:57]} Rh5 {[%clk 0:36:38]} 21. d4 {[%clk 0:27:18]} Bc8
{[%clk 0:33:22]} 22. Qf3 {[%clk 0:22:12]} Ng8 {[%clk 0:31:30]} 23. f5
{[%clk 0:16:42]} Rxg5 {[%clk 0:24:53]} 24. fxe6 {[%clk 0:13:12]} Bxe6
{[%clk 0:20:28]} 25. d5 {[%clk 0:13:35]} h3 {[%clk 0:14:36]} 26. Bxg5
{[%clk 0:12:27]} 1-0

[Event "V4 OPEN - International Championship of Slovakia 2
[Site "Banska Stiavnica"]
[Date "2013.07.12"]
[Round "7"]
[Board "26"]
[White "Dolnak, Michal"]
[Black "Holeczy, Martin"]
[Result "1/2-1/2"]
[WhiteElo "2167"]
[BlackElo "2015"]
[PlyCount "0"]
[EventDate "2013.07.06"]
[EventRounds "9"]
[EventCountry "SVK"]

1. d4 {[%clk 1:30:55]} Nf6 {[%clk 1:30:48]} 2. c4 {[%clk 1:31:20]} g6
{[%clk 1:30:31]} 3. Nc3 {[%clk 1:31:43]} d5 {[%clk 1:30:40]} 4. cxd5
{[%clk 1:32:05]} Nxd5 {[%clk 1:30:58]} 5. e4 {[%clk 1:32:23]} Nxc3
{[%clk 1:31:20]} 6. bxc3 {[%clk 1:32:48]} Bg7 {[%clk 1:31:42]} 7. Bb5+
{[%clk 1:33:11]} c6 {[%clk 1:30:10]} 8. Bc4 {[%clk 1:33:34]} O-O {[%clk 1:30:02]}
9. Be3 {[%clk 1:32:47]} c5 {[%clk 1:30:12]} 10. Ne2 {[%clk 1:33:07]} Nc6
{[%clk 1:30:34]} 11. O-O {[%clk 1:33:23]} Qc7 {[%clk 1:30:51]} 12. Rc1
{[%clk 1:30:19]} e6 {[%clk 1:31:10]} 13. Bf4 {[%clk 1:28:23]} Qe7
{[%clk 1:31:31]} 14. Qd2 {[%clk 1:26:06]} Rd8 {[%clk 1:22:05]} 15. Bg5
{[%clk 1:19:51]} Bf6 {[%clk 1:22:12]} 16. Bxf6 {[%clk 1:10:48]} Qxf6
{[%clk 1:22:34]} 17. Rfd1 {[%clk 1:04:02]} Na5 {[%clk 1:11:44]} 18. Bd3
{[%clk 1:02:02]} b6 {[%clk 1:08:57]} 19. Qe3 {[%clk 0:57:38]} Qe7
{[%clk 0:59:37]} 20. Qg3 {[%clk 0:51:52]} Bb7 {[%clk 0:46:35]} 21. h4
{[%clk 0:49:00]} Rd7 {[%clk 0:39:27]} 22. h5 {[%clk 0:44:00]} e5 {[%clk 0:27:12]}
23. hxg6 {[%clk 0:39:00]} hxg6 {[%clk 0:21:05]} 24. d5 {[%clk 0:33:21]} c4
{[%clk 0:21:10]} 25. Bc2 {[%clk 0:30:06]} Kg7 {[%clk 0:20:23]} 26. Rf1
{[%clk 0:22:33]} f6 {[%clk 0:13:40]} 27. f4 {[%clk 0:20:31]} Qc5+
{[%clk 0:09:24]} 28. Rf2 {[%clk 0:19:42]} Re8 {[%clk 0:07:56]} 29. Rcf1
{[%clk 0:14:03]} Rf7 {[%clk 0:06:43]} 30. fxe5 {[%clk 0:13:21]} fxe5
{[%clk 0:07:06]} 31. Qg5 {[%clk 0:13:34]} Bc8 {[%clk 0:05:19]} 32. Nd4
{[%clk 0:07:41]} Rxf2 {[%clk 0:04:25]} 33. Rxf2 {[%clk 0:08:02]} Qe7
{[%clk 0:03:43]} 34. Nf5+ {[%clk 0:06:08]} Bxf5 {[%clk 0:04:12]} 35. Qxe7+
{[%clk 0:06:30]} Rxe7 {[%clk 0:04:39]} 36. exf5 {[%clk 0:06:33]} gxf5
{[%clk 0:04:51]} 37. Bxf5 {[%clk 0:05:33]} Nb7 {[%clk 0:04:21]} 38. Be6
{[%clk 0:02:38]} Nd6 1/2-1/2

[Event "V4 OPEN - International Championship of Slovakia 2
[Site "Banska Stiavnica"]
[Date "2013.07.12"]
[Round "7"]
[Board "27"]
[White "Tropp, Oliver"]
[Black "Zatko, Gregor"]
[Result "0-1"]
[WhiteElo "2059"]
[BlackElo "2158"]
[PlyCount "0"]
[EventDate "2013.07.06"]
[EventRounds "9"]
[EventCountry "SVK"]

1. c4 {[%clk 1:30:57]} e5 {[%clk 1:26:49]} 2. Nc3 {[%clk 1:31:07]} Nc6
{[%clk 1:27:13]} 3. g3 {[%clk 1:31:19]} g6 {[%clk 1:27:38]} 4. Bg2
{[%clk 1:31:36]} Bg7 {[%clk 1:28:02]} 5. e3 {[%clk 1:31:54]} d6 {[%clk 1:27:51]}
6. Nge2 {[%clk 1:31:17]} f5 {[%clk 1:27:00]} 7. O-O {[%clk 1:31:25]} Nf6
{[%clk 1:27:28]} 8. d4 {[%clk 1:31:33]} O-O {[%clk 1:25:42]} 9. b3
{[%clk 1:31:10]} Qe8 {[%clk 1:19:30]} 10. Nd5 {[%clk 1:25:36]} Qf7
{[%clk 1:14:33]} 11. Nxf6+ {[%clk 1:19:50]} Qxf6 {[%clk 1:14:40]} 12. Bb2
{[%clk 1:19:31]} Qe7 {[%clk 1:10:42]} 13. Nc3 {[%clk 1:17:06]} Nd8
{[%clk 1:09:48]} 14. c5 {[%clk 0:37:21]} c6 {[%clk 0:50:57]} 15. cxd6
{[%clk 0:32:21]} Qxd6 {[%clk 0:51:18]} 16. dxe5 {[%clk 0:31:16]} Bxe5
{[%clk 0:51:18]} 17. Qc2 {[%clk 0:28:21]} Nf7 {[%clk 0:49:10]} 18. Rfd1
{[%clk 0:28:28]} Qe7 {[%clk 0:49:29]} 19. f4 {[%clk 0:25:50]} Bg7
{[%clk 0:48:41]} 20. Qf2 {[%clk 0:15:58]} Nh6 {[%clk 0:47:11]} 21. h3
{[%clk 0:15:49]} Be6 {[%clk 0:45:58]} 22. Re1 {[%clk 0:15:05]} Qb4
{[%clk 0:42:04]} 23. Na4 {[%clk 0:12:22]} Rad8 {[%clk 0:39:13]} 24. Bxg7
{[%clk 0:12:11]} Kxg7 {[%clk 0:38:52]} 25. Qb2+ {[%clk 0:12:39]} Kf7
{[%clk 0:36:28]} 26. Rad1 {[%clk 0:08:38]} Bd5 {[%clk 0:31:43]} 27. Qd4
{[%clk 0:06:38]} Qxd4 {[%clk 0:31:36]} 28. Rxd4 {[%clk 0:05:43]} Bxg2
{[%clk 0:31:51]} 29. Kxg2 {[%clk 0:06:05]} Rxd4 {[%clk 0:31:59]} 30. exd4
{[%clk 0:06:34]} Rd8 {[%clk 0:22:14]} 31. Nc5 {[%clk 0:07:03]} b6
{[%clk 0:18:22]} 32. Ne6 {[%clk 0:07:19]} Rd7 {[%clk 0:18:37]} 33. Ng5+
{[%clk 0:06:20]} Kg7 {[%clk 0:15:42]} 34. Rc1 {[%clk 0:04:54]} Rd6
{[%clk 0:14:25]} 35. Kf2 {[%clk 0:04:51]} Ng8 {[%clk 0:14:16]} 36. Nf3
{[%clk 0:00:54]} Ne7 {[%clk 0:13:31]} 37. Ne5 {[%clk 0:00:35]} Rxd4
{[%clk 0:10:13]} 38. Nxc6 {[%clk 0:00:47]} Nxc6 {[%clk 0:10:26]} 39. Rxc6
{[%clk 0:01:16]} Rd2+ {[%clk 0:10:46]} 40. Ke3 {[%clk 0:01:35]} Rxa2
{[%clk 0:11:10]} 41. Rc7+ {[%clk 0:14:10]} Kf6 {[%clk 0:29:47]} 42. Rxh7
{[%clk 0:04:26]} Ra3 {[%clk 0:29:12]} 43. Kd4 {[%clk 0:04:51]} Rxb3
{[%clk 0:29:19]} 44. Rxa7 {[%clk 0:04:47]} Rxg3 {[%clk 0:29:16]} 45. Rb7
{[%clk 0:04:23]} Rb3 {[%clk 0:22:16]} 46. Kc4 {[%clk 0:01:48]} Rf3
{[%clk 0:21:01]} 47. Rxb6+ {[%clk 0:02:06]} Kg7 {[%clk 0:21:22]} 48. Kd5
{[%clk 0:00:49]} Rxf4 {[%clk 0:21:43]} 49. Rb3 {[%clk 0:01:16]} Re4
{[%clk 0:21:50]} 50. Rb7+ {[%clk 0:00:51]} Kh6 {[%clk 0:21:23]} 51. Rb3
{[%clk 0:00:55]} Re1 {[%clk 0:20:01]} 52. Kd4 {[%clk 0:00:56]} Kg5
{[%clk 0:19:34]} 53. Rg3+ {[%clk 0:01:15]} Kh5 {[%clk 0:19:26]} 54. Kd3
{[%clk 0:00:52]} g5 {[%clk 0:19:21]} 55. Kd2 {[%clk 0:01:01]} Re8
{[%clk 0:18:44]} 56. Rf3 {[%clk 0:01:07]} f4 {[%clk 0:19:00]} 57. Kd1
{[%clk 0:01:21]} Kh4 {[%clk 0:18:05]} 58. Kd2 {[%clk 0:01:44]} Re7
{[%clk 0:17:36]} 59. Ra3 {[%clk 0:01:58]} Re3 {[%clk 0:14:41]} 60. Rxe3
{[%clk 0:02:05]} fxe3+ {[%clk 0:15:05]} 61. Kxe3 {[%clk 0:02:14]} Kxh3
{[%clk 0:15:28]} 62. Kf2 {[%clk 0:02:39]} g4 {[%clk 0:15:49]} 0-1

[Event "V4 OPEN - International Championship of Slovakia 2
[Site "Banska Stiavnica"]
[Date "2013.07.12"]
[Round "7"]
[Board "28"]
[White "Dowgird, Filip"]
[Black "Kavon, Rastislav"]
[Result "1-0"]
[WhiteElo "2154"]
[BlackElo "1994"]
[PlyCount "0"]
[EventDate "2013.07.06"]
[EventRounds "9"]
[EventCountry "SVK"]

1. Nf3 {[%clk 1:30:59]} Nf6 {[%clk 1:30:53]} 2. g3 {[%clk 1:31:04]} g6
{[%clk 1:31:11]} 3. Bg2 {[%clk 1:31:30]} Bg7 {[%clk 1:31:28]} 4. O-O
{[%clk 1:31:58]} O-O {[%clk 1:31:33]} 5. Re1 {[%clk 1:32:27]} d6 {[%clk 1:31:40]}
6. e4 {[%clk 1:32:42]} c5 {[%clk 1:31:13]} 7. c3 {[%clk 1:32:37]} Nc6
{[%clk 1:30:13]} 8. h3 {[%clk 1:33:00]} Qc7 {[%clk 1:27:14]} 9. d4
{[%clk 1:29:41]} Nd7 {[%clk 1:18:48]} 10. Be3 {[%clk 1:26:22]} b5
{[%clk 1:16:01]} 11. Nbd2 {[%clk 1:23:34]} Bb7 {[%clk 1:13:50]} 12. a3
{[%clk 1:22:30]} a5 {[%clk 1:11:34]} 13. d5 {[%clk 1:20:59]} Nce5
{[%clk 1:08:56]} 14. Nxe5 {[%clk 1:19:51]} Nxe5 {[%clk 1:09:09]} 15. Bf1
{[%clk 1:19:55]} Ba6 {[%clk 1:06:08]} 16. a4 {[%clk 1:15:20]} Rfb8
{[%clk 1:01:49]} 17. axb5 {[%clk 1:14:01]} Bxb5 {[%clk 1:00:51]} 18. Ra2
{[%clk 1:08:07]} Nd7 {[%clk 0:48:59]} 19. Bxb5 {[%clk 1:05:32]} Rxb5
{[%clk 0:46:34]} 20. Nc4 {[%clk 1:05:08]} Nb6 {[%clk 0:44:54]} 21. Na3
{[%clk 1:04:09]} Qd7 {[%clk 0:44:40]} 22. Nxb5 {[%clk 1:04:06]} Qxb5
{[%clk 0:45:03]} 23. Qe2 {[%clk 1:03:47]} Nc4 {[%clk 0:43:24]} 24. Rea1
{[%clk 1:02:52]} Rb8 {[%clk 0:40:57]} 25. Bc1 {[%clk 1:02:42]} Ne5
{[%clk 0:39:58]} 26. Qxb5 {[%clk 1:03:01]} Rxb5 {[%clk 0:40:27]} 27. Rxa5
{[%clk 1:03:05]} 1-0